<?xml version="1.0" encoding="UTF-8"?>
<record
    xmlns:xsi="http://www.w3.org/2001/XMLSchema-instance"
    xsi:schemaLocation="http://www.loc.gov/MARC21/slim http://www.loc.gov/standards/marcxml/schema/MARC21slim.xsd"
    xmlns="http://www.loc.gov/MARC21/slim">

  <leader>01393nam a22002777a 4500</leader>
  <controlfield tag="001">113997</controlfield>
  <controlfield tag="003">DR-UNIBE</controlfield>
  <controlfield tag="005">20250802062544.0</controlfield>
  <controlfield tag="008">250801b2020    dr ||||| |||| 00| 0 spa d</controlfield>
  <datafield tag="020" ind1=" " ind2=" ">
    <subfield code="a">9789945886030</subfield>
  </datafield>
  <datafield tag="040" ind1=" " ind2=" ">
    <subfield code="a">BIBLIOTECA UNIBE</subfield>
    <subfield code="b">spa</subfield>
    <subfield code="c">BIBLIOTECA UNIBE</subfield>
    <subfield code="e">rda</subfield>
  </datafield>
  <datafield tag="041" ind1=" " ind2=" ">
    <subfield code="a">spa</subfield>
  </datafield>
  <datafield tag="082" ind1=" " ind2=" ">
    <subfield code="a">RD 616.89156 V496c 2020</subfield>
  </datafield>
  <datafield tag="100" ind1=" " ind2=" ">
    <subfield code="a">Verg&#xE9;s, Luis</subfield>
    <subfield code="d">1962-</subfield>
    <subfield code="e">autor</subfield>
    <subfield code="9">155742</subfield>
  </datafield>
  <datafield tag="245" ind1="1" ind2="0">
    <subfield code="a">Conceptos y habilidas b&#xE1;sicas en terapia familiar /</subfield>
    <subfield code="c">Luis Verg&#xE9;s</subfield>
  </datafield>
  <datafield tag="250" ind1=" " ind2=" ">
    <subfield code="a">Tercera edici&#xF3;n</subfield>
  </datafield>
  <datafield tag="260" ind1=" " ind2=" ">
    <subfield code="a">Santo Domingo :</subfield>
    <subfield code="b">Amigo del Hogar,</subfield>
    <subfield code="c">2020</subfield>
  </datafield>
  <datafield tag="300" ind1=" " ind2=" ">
    <subfield code="a">444 p&#xE1;ginas :</subfield>
  </datafield>
  <datafield tag="505" ind1=" " ind2=" ">
    <subfield code="a">1. Historia de la terapia familiar  |
2. La familia: concepto, estructura y funciones  |
3. La entrevista inicial y su papel en el proceso terap&#xE9;utico  |
4. Evaluaci&#xF3;n del sistema familiar  |
5. Plan de tratamiento para las disfunciones familiares  |
6. Los modelos de intervenci&#xF3;n en terapia familiar  |
7. La &#xE9;tica del terapeuta familiar  |
8. Situaciones practicas en la terapia familiar  |
9. La terapia familiar aplicada a situaciones especiales  |
10. La persona del terapeuta y habilidades para intervenir el sistema familiar |

</subfield>
  </datafield>
  <datafield tag="650" ind1=" " ind2="7">
    <subfield code="2">lemb</subfield>
    <subfield code="a">Familias con problemas</subfield>
    <subfield code="9">36392</subfield>
  </datafield>
  <datafield tag="650" ind1=" " ind2="7">
    <subfield code="2">lemb</subfield>
    <subfield code="a">Psicoterapia familiar </subfield>
  </datafield>
  <datafield tag="650" ind1=" " ind2="7">
    <subfield code="2">lemb</subfield>
    <subfield code="a">Terapia</subfield>
    <subfield code="9">8111</subfield>
  </datafield>
  <datafield tag="653" ind1="0" ind2="0">
    <subfield code="a">Terapia familiar</subfield>
  </datafield>
  <datafield tag="700" ind1="1" ind2=" ">
    <subfield code="a">Rodr&#xED;guez de B&#xE1;ez, Martha</subfield>
    <subfield code="e">revisor</subfield>
    <subfield code="9">198116</subfield>
  </datafield>
  <datafield tag="942" ind1=" " ind2=" ">
    <subfield code="2">ddc</subfield>
    <subfield code="c">BK</subfield>
  </datafield>
  <datafield tag="999" ind1=" " ind2=" ">
    <subfield code="c">113997</subfield>
    <subfield code="d">113997</subfield>
  </datafield>
  <datafield tag="952" ind1=" " ind2=" ">
    <subfield code="0">0</subfield>
    <subfield code="1">0</subfield>
    <subfield code="2">ddc</subfield>
    <subfield code="4">0</subfield>
    <subfield code="7">0</subfield>
    <subfield code="8">GEN-RD</subfield>
    <subfield code="a">Principal</subfield>
    <subfield code="c">NEW</subfield>
    <subfield code="d">2025-08-01</subfield>
    <subfield code="l">0</subfield>
    <subfield code="o">RD 616.89156 V496c 2020</subfield>
    <subfield code="p">250943</subfield>
    <subfield code="r">2025-08-01 10:20:54</subfield>
    <subfield code="t">Ej. 1</subfield>
    <subfield code="w">2025-08-01</subfield>
    <subfield code="y">BK</subfield>
  </datafield>
</record>
